000 00672nam a2200265Ia 4500
005 20260121171236.0
008 008 260114s9999 xx 000 0 eng d
020 _a9781137554055
037 _aEBOOK
040 _aCRL
040 _beng
040 _cCRL
041 _2eng
041 _aeng
084 _qCRL
100 _aAnne Barlow, Rosemary Hunter, Janet Smithson, Jan Ewing
_91073797
245 0 _aMapping Paths to Family Justice
260 _bSpringer
260 _bSpringer
260 _c2017
856 _uhttps://link.springer.com/openurl?genre=book&isbn=978-1-137-55405-5
942 _cEBOOK
999 _c1639527
_d1639527